000 00383nam a22001697a 4500
005 20160615155611.0
008 160615b xxu||||| |||| 00| 0 eng d
020 _a81-229-0188-3
041 _aeng
082 _b7858
100 _aKellaghan, Kevin M
_92025
245 _aSupervisory Skills
260 _bSurjeet
_c2005
300 _a196
650 _aManagement
_9241
942 _cBK
999 _c2829
_d2828